| 000 | 02488nam a2200409 i 4500 | ||
|---|---|---|---|
| 001 | 179622 | ||
| 003 | ES-MaACL | ||
| 005 | 20250405192620.0 | ||
| 008 | 111226s2010 sp |||| | spa d | ||
| 020 | _a978-84-9940-163-8 | ||
| 020 | _a978-84-00-09198-9 | ||
| 080 | _a929-054.7(=1.460:100)"19":008 | ||
| 080 | _a325.254(460:7/8)"1939/..." | ||
| 245 | 0 | 0 |
_aPensamiento exiliado español : _bel legado filosófico del 39 y su dimensión iberoamericana / _cAntolín Sánchez Cuervo, Fernando Hermida de Blas (coords.). |
| 260 |
_aMadrid : _bBiblioteca Nueva : _bConsejo Superior de Investigaciones Científicas, _c[2010] |
||
| 300 |
_a322 p. ; _c21 cm. |
||
| 490 | 1 |
_aRazón y sociedad ; _v104 |
|
| 504 | _aReferencias bibliográficas. | ||
| 505 | 8 | _aContiene: Alfonso Reyes, huésped y anfitrión hispanista / Evangelina Soltero y Fermín del Pino-Díaz . Ortega en Latinoamérica: el legado filosófico de José Gaos / Javier Muguerza . Occidentalismo e integración disciplinaria: Eduardo Nicol frente a América / Mª Paz Balibrea . Del exilio al arraigo: el organismo iberoamericano de Joaquín Xirau / Antolín Sánchez Cuervo . Cultura y política en el pensamiento de José Ferrater Mora / Carlos Nieto Blanco . Lecturas del Quijote en el exilio / José Luis Mora . El ensayo: ventana sin par del exilio republicano español / Ricardo Tejada . Max Aub, entre la diáspora y el exilio / Reyes Mate . Crucificado por el dolor de España: los exilios de José Bergamín / Julián Sauquillo . Destierro y exilio: categorías del pensar de María Zambrano / Jesús Moreno Sanz | |
| 600 | 1 | 4 |
_996554 _aReyes, Alfonso, _d1889-1959 |
| 600 | 0 | 4 |
_aGaos, José _d1883-1955 _9239982 |
| 600 | 1 | 4 |
_985551 _aNicol, Eduardo |
| 600 | 1 | 4 |
_9117516 _aXirau, Joaquín, _d1895-1946 |
| 600 | 0 | 4 |
_950338 _aFerrater Mora, José |
| 600 | 1 | 4 |
_923783 _aAub, Max, _d1903-1972 |
| 600 | 1 | 4 |
_927925 _aBergamín, José, _d1895-1983 |
| 600 | 1 | 4 |
_9117914 _aZambrano, María, _d1904-1991 |
| 650 | 4 |
_aExiliados españoles- _xVida intelectual. _9143431 |
|
| 650 | 4 |
_aExiliados españoles- _yAmérica _912662 |
|
| 700 | 1 |
_aSánchez Cuervo, Antolín. _9102565 |
|
| 700 | 1 |
_aHermida de Blas, Fernando. _962756 |
|
| 710 | 2 |
_aConsejo Superior de Investigaciones Científicas (España) _93236 |
|
| 830 | 1 |
_aRazón y sociedad ; _v104 _9180621 |
|
| 852 | 4 |
_aES-MaACL _jA-11761 _9186519 _bR.146702 _cDEPO1 _dOlim: N-4766 |
|
| 942 |
_2udc _cMONOGRAFIA |
||
| 999 |
_c179622 _d179622 |
||